| 000 | 01041nam a2200229 a 4500 | ||
|---|---|---|---|
| 001 | BRCA_7924 | ||
| 005 | 20190320210044.0 | ||
| 008 | 060314s2004----u--a###f##---#001-0#eng-# | ||
| 020 | _a9780300120479 | ||
| 041 | _aeng | ||
| 044 | _au | ||
| 050 | 4 |
_aTL410 _b.H43 2004 |
|
| 100 | 1 |
_aHerlihy, David V. _919602 |
|
| 245 | 1 | 0 |
_aBicycle _bthe history _cDavid V. Herlihy. |
| 260 |
_aEstados Unidos _bYale University Press _c2004 |
||
| 300 |
_a470 p. _bil. (algunas a color) _c25 cm. |
||
| 500 | _aIncluye índice alfabético | ||
| 520 | 3 | _aObra que nos remonta a los orígenes de la bicicleta, primero como medio de transporte y luego de diversión. El autor narra apoyado de ilustraciones cómo este artilugio se volvió parte indispensable en nuestra cultura, en centros de trabajo y hogares; y cómo la variedad en diseño y materiales la han ido convirtiendo en una opción práctica y ecológica como medio de transporte | |
| 650 | 1 | 4 |
_aBicicletas _xDiseño y construcción _919223 |
| 650 | 1 | 4 |
_aBicicletas _xHistoria _919224 |
| 942 |
_2lcc _cB |
||
| 999 |
_c7594 _d7594 |
||